Amigos Futbolistas - Estadísticas

Estadísticas generales
  • Esta prueba ha sido intentada 265 veces
  • La puntuación promedio es 23 de 32
Estadísticas de respuestas
Imagen Respuesta % Correcto
Messi y Puyol
100%
Puyol y Ronaldinho
96%
Ramos y Mbappé
92%
Ronaldinho y Beckham
92%
Agüero y Forlan
82%
Kompany y Agüero
81%
Marcelo y Ronaldo
81%
Mbappé y Silva
80%
Özil y Marcelo
80%
Pirlo y Pogba
78%
Silva y Kompany
77%
Drogba y Lampard
76%
Lampard y Pirlo
75%
Beckham y Scholes
72%
Martinez y Aubameyang
72%
van Nistelrooy y Ramos
72%
Aubameyang y Özil
71%
Sneijder y Drogba
71%
Joaquín y Bellerín
70%
Scholes y van Nistelrooy
70%
Bellerín y Sánchez
69%
Pogba y Mata
69%
Werner y Havertz
68%
Mata y Joaquín
67%
Milito y Sneijder
66%
Keïta y Werner
56%
Bailey y Martinez
54%
Havertz y Bailey
54%
Oxlade-Chamberlain y Keïta
54%
Sánchez y Oxlade-Chamberlain
54%
Cambiasso y Milito
50%
Forlan y Cambiasso
50%
No se encontraron pruebas coincidentes
Distribución de puntuación
Porcentaje de gente con cada puntuación
Porcentaje por número respondido
Historial de tus puntuaciones
No has intentado esta prueba.